Cities From Above - #4 - Statistics

General Stats
  • This quiz has been taken 707 times
  • The average score is 4 of 10
Answer Stats
Picture Answer % Correct
Rome
86%
Honolulu
65%
Athens
51%
Mexico City
44%
Philadelphia
36%
Mecca
33%
Seoul
32%
Dakar
31%
Montevideo
19%
Pretoria
17%
No matching quizzes found
Score Distribution
Percent of People with Each Score
Percentile by Number Answered
Your Score History
You have not taken this quiz